00382nam a22001217a 450000500170000000800410001704100130005808200140007110000130008524501100009830000270020865000250023520231127121147.0231127b |||||||| |||| 00| 0 eng d aEnglish  a340.1 PUB lEnglish  aPublic Integrity Regimes and Lawyers' Integrity in SADC Countries: Issues and Questions /cKanyongolo, FE b29 pages ; c30,4 cm.  aLegal practice bLaw